[Event "Russian Championship G13 1st league 2016"]
[Site "Loo"]
[Date "2016.04.21"]
[Round "2.34"]
[White "Ustinovitch, Angelina"]
[Black "Airapetyan, Anzhelika"]
[Result "0-1"]
[WhiteElo "1206"]
[BlackElo "1416"]
[PlyCount "112"]
[EventDate "2016.04.20"]

1. e4 e6 2. d4 d5 3. Nc3 c5 4. Nf3 Nc6 5. e5 cxd4 6. Nxd4 Nxe5 7. f4 Nc6 8. Bb5
Bd7 9. O-O Bc5 10. Bxc6 Bxc6 11. Kh1 Nf6 12. Be3 Qb6 13. Nce2 O-O 14. Bg1 Ne4
15. Ng3 Rad8 16. Nxe4 dxe4 17. c3 Qxb2 18. Qe1 Qb6 19. Rb1 Qc7 20. Nxc6 Qxc6
21. Bxc5 Qxc5 22. Qxe4 Qc6 23. Qxc6 bxc6 24. Rfd1 h6 25. h3 Rd5 26. Rf1 Rfd8
27. Rb7 R5d7 28. Rfb1 Kh7 29. a4 Rd1+ 30. Rxd1 Rxd1+ 31. Kh2 Kg6 32. Rxa7 Rc1
33. a5 Rxc3 34. a6 Ra3 35. Ra8 c5 36. Rc8 Rxa6 37. Rxc5 Ra3 38. Re5 Rd3 39. g4
Rf3 40. Re4 Kf6 41. Kg2 Rd3 42. Re5 Rd5 43. Rxd5 exd5 44. Kf3 g5 45. f5 Ke5 46.
Ke3 d4+ 47. Kd3 f6 48. Kc4 Ke4 49. Kc5 d3 50. Kd6 d2 51. Ke6 d1=Q 52. Kxf6 Qd6+
53. Kg7 Ke5 54. h4 Qf6+ 55. Kh7 gxh4 56. g5 Qxg5 0-1

[Event "Russian Championship G13 1st league 2016"]
[Site "Loo"]
[Date "2016.04.21"]
[Round "2.35"]
[White "Breus, Anastasia"]
[Black "Lobanova, Milana"]
[Result "0-1"]
[WhiteElo "1403"]
[BlackElo "1316"]
[PlyCount "118"]
[EventDate "2016.04.20"]

1. d4 Nf6 2. c4 g6 3. Nc3 Bg7 4. Nf3 O-O 5. e4 d6 6. h3 c5 7. d5 e6 8. Be3 exd5
9. exd5 Re8 10. Be2 Nbd7 11. O-O a6 12. Qd2 Ne5 13. Nxe5 Rxe5 14. Bf4 Re8 15.
Bh6 Ne4 16. Nxe4 Rxe4 17. Bxg7 Kxg7 18. Bd3 Rh4 19. f4 Bxh3 20. gxh3 Rxh3 21.
Rf2 Qh4 22. Be4 Re8 23. Bg2 Qg4 24. Re1 Rd3 25. Qxd3 Rxe1+ 26. Rf1 Re2 27. Qf3
Qxf3 28. Rxf3 Rxb2 29. Rb3 Rxb3 30. axb3 b5 31. cxb5 axb5 32. Bf1 b4 33. Kf2
Kf6 34. Bd3 h5 35. Kg3 g5 36. f5 Ke5 37. Kf3 f6 38. Be4 Kd4 39. Bc2 Kxd5 40.
Bd3 Ke5 41. Ke3 d5 42. Bb5 Kxf5 43. Bd3+ Ke5 44. Be2 h4 45. Kf3 f5 46. Bd3 g4+
47. Kg2 h3+ 48. Kh2 f4 49. Bf1 Ke4 50. Kg1 d4 51. Be2 f3 52. Bf1 d3 53. Bxd3+
Kxd3 54. Kf2 h2 55. Kg3 h1=Q 56. Kxg4 f2 57. Kf5 f1=Q+ 58. Ke6 Qe4+ 59. Kd7 Qf6
0-1

[Event "Russian Championship G13 1st league 2016"]
[Site "Loo"]
[Date "2016.04.21"]
[Round "2.36"]
[White "Shadrukhina, Yuliya"]
[Black "Khannanova, Lina"]
[Result "1-0"]
[WhiteElo "1086"]
[BlackElo "1400"]
[PlyCount "79"]
[EventDate "2016.04.20"]

1. d4 d5 2. Nf3 Nf6 3. e3 e6 4. Bd3 Be7 5. b3 b6 6. Bb2 Bb7 7. Ne5 Nbd7 8. f4
c5 9. O-O a6 10. Nd2 Rc8 11. c3 b5 12. Ndf3 Qb6 13. Bc2 a5 14. Ng5 Rf8 15. Nxh7
Nxh7 16. Bxh7 Nxe5 17. fxe5 g6 18. Qf3 Ba6 19. Rf2 b4 20. Rc1 Bd3 21. c4 Be4
22. Qf4 g5 23. Qg4 Bxh7 24. cxd5 Bf5 25. Qh5 Kd7 26. d6 Bd8 27. e4 Bg6 28. Qh6
Rg8 29. Rcf1 Ke8 30. Bc1 cxd4 31. Bxg5 Bxe4 32. d7+ Kxd7 33. Rxf7+ Kc6 34.
Qxe6+ Kb5 35. Qxc8 Bc6 36. R7f5 d3+ 37. Kh1 Qa6 38. e6+ Kb6 39. Bxd8+ Rxd8 40.
Qxd8+ 1-0

[Event "Russian Championship G13 1st league 2016"]
[Site "Loo"]
[Date "2016.04.21"]
[Round "2.38"]
[White "Moskaleva, Arina"]
[Black "Kulagina, Karina"]
[Result "1-0"]
[WhiteElo "1392"]
[BlackElo "1244"]
[PlyCount "63"]
[EventDate "2016.04.20"]

1. c4 e5 2. Nc3 Nf6 3. Nf3 Nc6 4. e3 Bc5 5. d4 exd4 6. exd4 Bb4 7. Be2 d6 8.
O-O Bf5 9. Bg5 Bxc3 10. bxc3 h6 11. Bf4 O-O 12. Nh4 Ne7 13. Nxf5 Nxf5 14. Bd3
Ne7 15. Rb1 b6 16. Qf3 Ng6 17. Be3 Re8 18. Qd1 Qd7 19. h3 Rab8 20. Bc2 Re7 21.
Qf3 c6 22. Bxh6 gxh6 23. Qxf6 Qe6 24. Qf3 Qxc4 25. Bb3 Qa6 26. Qf6 Rd7 27.
Qxg6+ Kf8 28. Qxh6+ Kg8 29. Qg6+ Kf8 30. Qh7 Qb7 31. Qh8+ Ke7 32. Rbe1# 1-0

[Event "Russian Championship G13 1st league 2016"]
[Site "Loo"]
[Date "2016.04.21"]
[Round "2.40"]
[White "Makarova, Anastasiya"]
[Black "Belozerova, Olga"]
[Result "1-0"]
[WhiteElo "1385"]
[BlackElo "1057"]
[PlyCount "71"]
[EventDate "2016.04.20"]

1. e4 e6 2. d4 d5 3. e5 c5 4. c3 Nc6 5. Nf3 Nge7 6. a3 Nf5 7. b4 cxd4 8. cxd4
Qb6 9. Bb2 a5 10. b5 Na7 11. Nc3 Be7 12. Be2 O-O 13. O-O Bd7 14. a4 Rac8 15.
Bd3 Bb4 16. Rc1 Bxc3 17. Bxc3 Rc7 18. Qd2 Rfc8 19. Bxa5 Qxa5 20. Qxa5 Rxc1 21.
Qxa7 R1c3 22. Bxf5 exf5 23. Qxb7 Be6 24. h3 h6 25. a5 Ra3 26. a6 g6 27. b6 Kf8
28. a7 Ke8 29. Qb8 Rxb8 30. axb8=Q+ Ke7 31. Qd6+ Ke8 32. Qxa3 Kd7 33. Qd6+ Ke8
34. b7 g5 35. b8=Q+ Bc8 36. Qxc8# 1-0

[Event "Russian Championship G13 2016"]
[Site "Loo"]
[Date "2016.04.21"]
[Round "2.1"]
[White "Yakimova, Mariya"]
[Black "Nasyrova, Ekaterina"]
[Result "0-1"]
[WhiteElo "1631"]
[BlackElo "2060"]
[PlyCount "92"]
[EventDate "2016.04.20"]

1. e4 e5 2. d4 exd4 3. Nf3 Nc6 4. Bc4 Bc5 5. c3 Nf6 6. O-O Nxe4 7. cxd4 Bb6 8.
Re1 d5 9. Bxd5 Qxd5 10. Nc3 Qf5 11. Rxe4+ Be6 12. Bg5 h6 13. Bh4 g5 14. d5
O-O-O 15. g4 Qh7 16. Qe2 Bxd5 17. Nxd5 Rxd5 18. Bg3 Rhd8 19. b4 h5 20. Nxg5 Qg7
21. Re1 Qxg5 22. h4 Qd2 23. Qf3 Rd3 24. Qf5+ Kb8 25. Kg2 Nd4 26. Qxf7 Nf3 27.
Rf1 hxg4 28. Rxg4 Ne1+ 29. Kg1 Qc3 30. Kh2 Nf3+ 31. Kg2 Qc6 32. Kh3 Qd7 33.
Qxd7 R3xd7 34. Rc1 a6 35. h5 Rh7 36. Rg6 Ka7 37. Kg4 Rf8 38. Bf4 Nd4 39. a4
Rxf4+ 40. Kxf4 Ne2+ 41. Ke4 Nxc1 42. a5 Bxf2 43. h6 c6 44. Rg2 Be1 45. Rc2 Bxb4
46. Rxc1 Rxh6 0-1

[Event "Russian Championship G13 2016"]
[Site "Loo"]
[Date "2016.04.21"]
[Round "2.2"]
[White "Garifullina, Leya"]
[Black "Vorobyova, Ekaterina"]
[Result "1-0"]
[WhiteElo "1897"]
[BlackElo "1625"]
[PlyCount "85"]
[EventDate "2016.04.20"]

1. e4 e5 2. Nf3 Nc6 3. Bb5 a6 4. Ba4 Nf6 5. O-O Be7 6. Bxc6 dxc6 7. d3 Nd7 8.
Nbd2 b5 9. b3 O-O 10. Bb2 f6 11. Qe2 Nc5 12. Rfd1 Bg4 13. h3 Bh5 14. Nf1 Ne6
15. Ng3 Nf4 16. Qe3 Bf7 17. d4 Qc8 18. dxe5 fxe5 19. Bxe5 Ng6 20. Nf5 Be6 21.
Nxe7+ Nxe7 22. Bg3 h6 23. Kh2 Qb7 24. Ne5 Rad8 25. Qc5 Rde8 26. Nd7 Qc8 27.
Nxf8 Kxf8 28. Qe5 Bf7 29. Qxc7 Qe6 30. f3 Kg8 31. Rd6 Qc8 32. Qxc8 Rxc8 33.
Rad1 Ng6 34. Rd8+ Rxd8 35. Rxd8+ Kh7 36. Rd6 Be8 37. f4 Kg8 38. e5 Ne7 39. Rd8
Kf8 40. Bf2 g6 41. Bc5 a5 42. Rd6 Bf7 43. Rd7 1-0

[Event "Russian Championship G13 2016"]
[Site "Loo"]
[Date "2016.04.21"]
[Round "2.3"]
[White "Zaripova, Arina"]
[Black "Kutyanina, Mariya"]
[Result "0-1"]
[WhiteElo "1624"]
[BlackElo "1809"]
[PlyCount "130"]
[EventDate "2016.04.20"]

1. d4 Nf6 2. Nf3 e6 3. Bf4 b6 4. e3 Bb7 5. Nbd2 Be7 6. h3 O-O 7. Bd3 d6 8. O-O
c5 9. Bh2 Nc6 10. c3 Rc8 11. Qe2 Re8 12. Bb5 Ra8 13. c4 a6 14. Ba4 Qd7 15. Qd3
Red8 16. Qc3 Qc8 17. Rfd1 Na7 18. b4 b5 19. cxb5 axb5 20. Bb3 c4 21. Bc2 Nd5
22. Qa3 Nc6 23. Qc1 Ncxb4 24. a3 Nc6 25. e4 Nc3 26. Re1 Na4 27. Bxa4 Rxa4 28.
Nb1 Na5 29. Nc3 Nb3 30. Qb2 Ra5 31. Ra2 Qa8 32. Nd2 Nxd2 33. Qxd2 Qa6 34. Rb1
Ra8 35. Qb2 Bc6 36. d5 exd5 37. exd5 Bd7 38. Bf4 Bf6 39. Qb4 Bxc3 40. Qxc3 Rxa3
41. Rxa3 Qxa3 42. Qg3 Qxg3 43. Bxg3 Ra6 44. Kf1 c3 45. Ke2 c2 46. Rc1 Bf5 47.
Kd2 b4 48. Bf4 Rb6 49. g3 Bg6 50. Be3 Rb5 51. Ra1 h6 52. Kc1 Rxd5 53. Ra4 Rd1+
54. Kb2 Rb1+ 55. Ka2 b3+ 56. Ka3 Ra1+ 57. Kxb3 c1=Q 58. Bxc1 Rxc1 59. Rd4 Rb1+
60. Kc3 Rb6 61. f4 Bb1 62. h4 Kf8 63. Ra4 Ke7 64. Ra7+ Ke6 65. f5+ Kf6 0-1

[Event "Russian Championship G13 2016"]
[Site "Loo"]
[Date "2016.04.21"]
[Round "2.4"]
[White "Sumarokova, Alina"]
[Black "Erokhova, Violetta"]
[Result "0-1"]
[WhiteElo "1780"]
[BlackElo "1618"]
[PlyCount "110"]
[EventDate "2016.04.20"]

1. d4 g6 2. c4 Bg7 3. e4 d6 4. Nc3 Nd7 5. Nge2 e5 6. Be3 Ne7 7. Qd2 f5 8. exf5
Nxf5 9. Bg5 Bf6 10. Bxf6 Qxf6 11. Nd5 Qd8 12. O-O-O c6 13. Ndc3 Nb6 14. b3 Be6
15. dxe5 dxe5 16. Qxd8+ Rxd8 17. Rxd8+ Kxd8 18. g3 Nd4 19. Bg2 Nxe2+ 20. Nxe2
Rf8 21. f3 Bf5 22. Nc3 Nd7 23. Rd1 Kc7 24. Kd2 Nc5 25. Ke3 Re8 26. b4 Nd7 27.
Bf1 Nf6 28. g4 Bd7 29. Ne4 Nxe4 30. Kxe4 c5 31. b5 Be6 32. Be2 b6 33. Ke3 Rf8
34. Ke4 Re8 35. f4 exf4 36. Kxf4 Rf8+ 37. Kg3 g5 38. h4 gxh4+ 39. Kxh4 Rf2 40.
Re1 Rf4 41. Bd1 Kd6 42. Kg5 Rd4 43. Kh6 Bxg4 44. Bxg4 Rxg4 45. Rc1 Rh4+ 46. Kg5
Rh2 47. Rd1+ Ke5 48. Rd5+ Ke4 49. Rd7 h6+ 50. Kg6 Rxa2 51. Kxh6 Ra4 52. Kg5
Rxc4 53. Rxa7 Rb4 54. Re7+ Kd4 55. Kf5 Rxb5 0-1

[Event "Russian Championship G13 2016"]
[Site "Loo"]
[Date "2016.04.21"]
[Round "2.5"]
[White "Sovina, Maria"]
[Black "Davydova, Kira"]
[Result "1-0"]
[WhiteElo "1605"]
[BlackElo "1762"]
[PlyCount "121"]
[EventDate "2016.04.20"]

1. d4 Nf6 2. c4 c5 3. d5 b5 4. cxb5 a6 5. bxa6 g6 6. a7 Rxa7 7. Nc3 Bg7 8. e4
O-O 9. Nf3 e6 10. Be2 exd5 11. exd5 d6 12. O-O Re7 13. Bf4 Bb7 14. Bc4 Na6 15.
a3 Nc7 16. Qb3 Nce8 17. a4 Ba8 18. Qc2 Nc7 19. Rfd1 Rfe8 20. a5 Ne4 21. Nb5
Nxb5 22. Bxb5 Rf8 23. Ng5 Nf6 24. Bc4 h6 25. Nf3 Rfe8 26. h3 Nh5 27. Bd2 Nf6
28. Bc3 Qc8 29. a6 Qb8 30. Qd3 Rc8 31. Ra2 Rce8 32. Rda1 Ra7 33. Ra4 Qc8 34. b4
cxb4 35. Rxb4 Nxd5 36. Bxg7 Nxb4 37. Qd4 Rae7 38. Bxh6 Re5 39. Nxe5 dxe5 40.
Bxf7+ Kxf7 41. Qxb4 Qc6 42. Qb3+ Re6 43. Qg3 Rf6 44. Bg5 Rf5 45. Be3 Kg7 46.
Rc1 Qd6 47. a7 Rf7 48. Rc8 Qd5 49. Rc5 Qd1+ 50. Kh2 Rxa7 51. Qxe5+ Kg8 52. Rc8+
Kf7 53. Qe8+ Kf6 54. Rxa8 Qd6+ 55. g3 Re7 56. Qf8+ Ke6 57. Re8 Rxe8 58. Qxe8+
Kd5 59. Qb5+ Ke4 60. Qc4+ Kf3 61. Qg4# 1-0

[Event "Russian Championship G13 2016"]
[Site "Loo"]
[Date "2016.04.21"]
[Round "2.6"]
[White "Baisheva, Nyurguiaana"]
[Black "Murzina, Agata"]
[Result "1-0"]
[WhiteElo "1603"]
[BlackElo "1752"]
[PlyCount "95"]
[EventDate "2016.04.20"]

1. e4 e5 2. Nf3 Nc6 3. Bb5 Nf6 4. O-O d6 5. Re1 Bg4 6. c3 Be7 7. d4 exd4 8.
cxd4 O-O 9. Bxc6 bxc6 10. Nc3 Nd7 11. h3 Bh5 12. Bf4 h6 13. Rc1 Rb8 14. b3 c5
15. Nd5 Nf6 16. Nxf6+ Bxf6 17. dxc5 g5 18. Bg3 Be7 19. cxd6 cxd6 20. Qc2 Bxf3
21. gxf3 Rb7 22. Qc6 Qb8 23. e5 Rd8 24. exd6 Bxd6 25. Bxd6 Rxd6 26. Re8+ Kg7
27. Qc3+ Rf6 28. Rxb8 Rxb8 29. Qc7 Re8 30. Qxa7 Rxf3 31. Kg2 Rf6 32. b4 Re4 33.
Rb1 Re2 34. b5 h5 35. a4 Ra2 36. a5 Rc2 37. Qd4 Ra2 38. b6 Rxa5 39. Qxf6+ Kxf6
40. b7 g4 41. b8=Q gxh3+ 42. Kxh3 Rf5 43. Qd6+ Kg7 44. Rg1+ Kh7 45. Qd3 h4 46.
Qxf5+ Kh6 47. Qg5+ Kh7 48. Qg7# 1-0

[Event "Russian Championship G13 2016"]
[Site "Loo"]
[Date "2016.04.21"]
[Round "2.7"]
[White "Stepanyan, Eva"]
[Black "Bondareva, Daria"]
[Result "1/2-1/2"]
[WhiteElo "1737"]
[BlackElo "1601"]
[PlyCount "114"]
[EventDate "2016.04.20"]

1. e4 e5 2. Nf3 d5 3. exd5 e4 4. Qe2 Nf6 5. d3 Qxd5 6. Nbd2 Nc6 7. Nxe4 Be6 8.
Nxf6+ gxf6 9. Qe4 Qd7 10. Be3 O-O-O 11. a3 Bg7 12. O-O-O Kb8 13. Qa4 f5 14. d4
Bd5 15. Bb5 a6 16. Bxc6 Bxc6 17. Qc4 Bd5 18. Qc3 Qd6 19. Qd2 Qc6 20. Nh4 Be6
21. f4 Qd5 22. b3 Qd6 23. Qa5 Qe7 24. Bf2 Rd5 25. Qa4 Qd6 26. g3 b5 27. Qb4 c5
28. Qa5 cxd4 29. Rd3 Rd8 30. Rhd1 Kb7 31. Nf3 Qc5 32. Qb4 Qxb4 33. axb4 Bf8 34.
Be1 Bg7 35. Kb2 R5d7 36. Kb1 Bd5 37. Nxd4 Bxd4 38. Rxd4 Kc6 39. Kb2 Rd6 40. c4
Bf3 41. Rxd6+ Rxd6 42. Rxd6+ Kxd6 43. Kc3 a5 44. Bf2 Bd1 45. Bd4 Bg4 46. Be5+
Kc6 47. Bb8 Bd1 48. Ba7 Bg4 49. Bc5 Bd1 50. Bf8 Bg4 51. cxb5+ Kxb5 52. Kd4 Bd1
53. Ke5 Bg4 54. Kf6 Kc6 55. Kxf7 Kd5 56. Kf6 Kd4 57. h3 Bxh3 1/2-1/2

[Event "Russian Championship G13 2016"]
[Site "Loo"]
[Date "2016.04.21"]
[Round "2.8"]
[White "Bodnaruk, Kseniya"]
[Black "Mironenko, Galina"]
[Result "1-0"]
[WhiteElo "1591"]
[BlackElo "1731"]
[PlyCount "110"]
[EventDate "2016.04.20"]

1. e4 c5 2. Nc3 g6 3. g3 Bg7 4. Bg2 Nc6 5. Nge2 d6 6. d3 Nf6 7. h3 O-O 8. O-O
a6 9. f4 e5 10. Nd5 Nxd5 11. exd5 Ne7 12. g4 f5 13. g5 Rb8 14. c4 b5 15. Rb1 a5
16. b3 Ba6 17. Be3 Qc7 18. Ng3 Rbe8 19. h4 h6 20. Qf3 e4 21. Qd1 exd3 22. Qxd3
bxc4 23. bxc4 Nc8 24. Bd2 h5 25. Kh2 Qd7 26. Rfc1 a4 27. Bc3 Rf7 28. Bxg7 Rxg7
29. Qc3 Rge7 30. Qf6 Kh7 31. Bh3 Re3 32. Nxh5 Rxh3+ 33. Kxh3 gxh5 34. Re1 Re4
35. Rxe4 fxe4+ 36. f5 Qg7 37. g6+ Kg8 38. Qd8+ Qf8 39. Qxf8+ Kxf8 40. f6 e3 41.
g7+ Kg8 42. Rg1 Ne7 43. fxe7 Bc8+ 44. Kg3 Bd7 45. Kf3 Be8 46. Kxe3 Bf7 47. Ke4
a3 48. Kf5 Be8 49. Ke6 Bf7+ 50. Kxd6 Be8 51. Kc7 Bf7 52. d6 Be8 53. d7 Bxd7 54.
Kxd7 Kf7 55. g8=Q+ Kf6 1-0

[Event "Russian Championship G13 2016"]
[Site "Loo"]
[Date "2016.04.21"]
[Round "2.9"]
[White "Gibadullina, Rajana"]
[Black "Dubnikova, Anastasia"]
[Result "1-0"]
[WhiteElo "1569"]
[BlackElo "1686"]
[PlyCount "63"]
[EventDate "2016.04.20"]

1. e4 c5 2. Nc3 Nc6 3. Bc4 e6 4. d3 g6 5. f4 Bg7 6. Nf3 Nge7 7. O-O d5 8. Bb3
O-O 9. Qe1 d4 10. Nd1 b5 11. a3 a5 12. Qh4 Ba6 13. Nf2 c4 14. Ba2 Nc8 15. Qh3
e5 16. f5 Nd6 17. Bh6 f6 18. Ng4 Nf7 19. fxg6 hxg6 20. Bd2 f5 21. Nh6+ Nxh6 22.
Bxh6 Ra7 23. Ng5 Qf6 24. Nh7 Qd8 25. Nxf8 Qxf8 26. Bxg7 Rxg7 27. exf5 gxf5 28.
Rxf5 Qc8 29. Raf1 a4 30. Qf3 Kh7 31. Rh5+ Kg8 32. Qd5+ 1-0

[Event "Russian Championship G13 2016"]
[Site "Loo"]
[Date "2016.04.21"]
[Round "2.10"]
[White "Bandurina, Sofiya"]
[Black "Nasybullina, Dayana"]
[Result "1/2-1/2"]
[WhiteElo "1558"]
[BlackElo "1652"]
[PlyCount "64"]
[EventDate "2016.04.20"]

1. e4 c6 2. d4 d5 3. e5 Bf5 4. Be3 e6 5. Nd2 Ne7 6. f4 Bg6 7. Ngf3 Nf5 8. Bf2
Be7 9. Bd3 Nd7 10. O-O O-O 11. Qe1 c5 12. g4 Nxd4 13. Nxd4 cxd4 14. Bxg6 fxg6
15. Bxd4 Bc5 16. Bxc5 Nxc5 17. Qf2 Qb6 18. Nb3 Rac8 19. Rab1 Nxb3 20. Qxb6 axb6
21. cxb3 Rc2 22. h3 h6 23. a3 Rd2 24. b4 b5 25. Rbc1 d4 26. Rc7 d3 27. Rd7 Rc8
28. Rf2 Rd1+ 29. Rf1 Rd2 30. Rf2 Rd1+ 31. Rf1 Rd2 32. Rf2 Rd1+ 1/2-1/2

[Event "Russian Championship G13 2016"]
[Site "Loo"]
[Date "2016.04.21"]
[Round "2.11"]
[White "Kasaeva, Sofiia"]
[Black "Mikhailova, Yuliya"]
[Result "1/2-1/2"]
[WhiteElo "1514"]
[BlackElo "1644"]
[PlyCount "121"]
[EventDate "2016.04.20"]

1. e4 c5 2. Nf3 e6 3. d4 cxd4 4. Nxd4 Nc6 5. Nc3 Qc7 6. Ndb5 Qb8 7. Be2 a6 8.
Nd4 Nf6 9. O-O Be7 10. Be3 O-O 11. f4 d6 12. Na4 Qc7 13. Nc3 b5 14. Nxc6 Qxc6
15. Bf3 Nd7 16. e5 d5 17. Nxd5 exd5 18. Bxd5 Qc7 19. Bxa8 Nb6 20. Be4 Nc4 21.
Qc1 Nxe3 22. Rf3 Ng4 23. Kh1 Bc5 24. Qd2 Rd8 25. Qe2 Qb6 26. Raf1 Ne3 27. Re1
Bg4 28. b4 Bxf3 29. Qxf3 Bd4 30. c3 Bxc3 31. Rxe3 Qxe3 32. Qxe3 Rd1+ 33. Qg1
Rxg1+ 34. Kxg1 Bxb4 35. g3 g6 36. Kg2 Kf8 37. Bb7 a5 38. Bc6 Ke7 39. Bxb5 g5
40. fxg5 Kf8 41. Kf3 Kg7 42. h4 Bc3 43. Kf4 Bd2+ 44. Kf5 Be1 45. h5 Bb4 46. h6+
Kf8 47. e6 fxe6+ 48. Kxe6 Bd2 49. Kf5 Be1 50. g4 Bd2 51. g6 Bxh6 52. gxh7 Bg7
53. Ke4 Bb2 54. Kd3 Kg7 55. Kc2 Be5 56. Bd3 Bf6 57. Kb3 Bg5 58. Kc4 Bf6 59. Kc5
Bg5 60. Kd5 Bd2 61. g5 1/2-1/2

[Event "Russian Championship G13 2016"]
[Site "Loo"]
[Date "2016.04.21"]
[Round "2.12"]
[White "Slesareva, Miraslava"]
[Black "Pakeeva, Namlana"]
[Result "1-0"]
[WhiteElo "1711"]
[BlackElo "1447"]
[PlyCount "87"]
[EventDate "2016.04.20"]

1. e4 c5 2. c3 Nf6 3. e5 Nd5 4. d4 cxd4 5. cxd4 Nc6 6. Nc3 Nb6 7. Nf3 d6 8.
exd6 e6 9. Bf4 Bxd6 10. Bxd6 Qxd6 11. Bb5 O-O 12. O-O Bd7 13. a4 a6 14. Bd3 Nd5
15. Ng5 g6 16. Nge4 Qe7 17. Nxd5 exd5 18. Nc3 Be6 19. Bc2 Qh4 20. f4 Ne7 21.
Qf3 Bg4 22. Qf2 Qf6 23. h3 Bf5 24. Bxf5 Qxf5 25. Rae1 Qd7 26. g4 Kh8 27. Qh4
Rae8 28. Qf6+ Kg8 29. Re5 Qc6 30. Qxc6 Nxc6 31. Rxd5 Rd8 32. Rxd8 Rxd8 33. d5
Nb4 34. Rd1 Rd6 35. Kf2 Kf8 36. Ke3 b6 37. Ke4 Ke7 38. Rd4 a5 39. Nb5 Rd7 40.
d6+ Ke6 41. Nc7+ Kf6 42. Ne8+ Ke6 43. f5+ gxf5+ 44. gxf5# 1-0

[Event "Russian Championship G13 2016"]
[Site "Loo"]
[Date "2016.04.21"]
[Round "2.14"]
[White "Tereshechkina, Taisiya"]
[Black "Dashina, Sofiia"]
[Result "1-0"]
[WhiteElo "1679"]
[BlackElo "1534"]
[PlyCount "57"]
[EventDate "2016.04.20"]

1. e4 c5 2. Nc3 Nc6 3. Nf3 d6 4. d4 cxd4 5. Nxd4 Nf6 6. Be3 Ng4 7. Bb5 Nxe3 8.
fxe3 Bd7 9. Bxc6 bxc6 10. O-O e5 11. Nf5 Be6 12. Qd2 Rb8 13. b3 Qd7 14. Rad1 d5
15. Qf2 Qb7 16. Qg3 f6 17. Qf3 Rd8 18. Rd3 Bxf5 19. Qxf5 d4 20. exd4 Rxd4 21.
Qe6+ Be7 22. Rfd1 Qd7 23. Rxd4 exd4 24. Na4 Qc7 25. Rxd4 a5 26. c3 Rf8 27. Nc5
Qe5 28. Rd8+ Kxd8 29. Qd7# 1-0

[Event "Russian Championship G13 2016"]
[Site "Loo"]
[Date "2016.04.21"]
[Round "2.15"]
[White "Shpakivskaya, Alina"]
[Black "Maltseva, Ekaterina"]
[Result "1/2-1/2"]
[WhiteElo "1634"]
[BlackElo "1520"]
[PlyCount "84"]
[EventDate "2016.04.20"]

1. e4 c5 2. Nf3 d6 3. Bb5+ Bd7 4. a4 Nc6 5. O-O Nf6 6. Re1 g6 7. c3 a6 8. Bf1
Bg7 9. h3 O-O 10. d4 cxd4 11. cxd4 Rc8 12. d5 Ne5 13. Nxe5 dxe5 14. Nc3 Ne8 15.
Be3 Nd6 16. Qb3 b5 17. a5 Nc4 18. Bxc4 Rxc4 19. Bb6 Qc8 20. Rad1 Bh6 21. d6
exd6 22. Rxd6 Be6 23. Nd5 Bg5 24. Qg3 Bxd5 25. Rxd5 Rc1 26. Rdd1 Rxd1 27. Rxd1
Qc2 28. Qf3 Qxb2 29. Be3 Bxe3 30. Qxe3 Rc8 31. Rd6 b4 32. Rxa6 b3 33. Rb6 Rc3
34. Rb8+ Kg7 35. Qb6 Qe2 36. Rg8+ Kxg8 37. Qb8+ Rc8 38. Qxc8+ Kg7 39. Qc3 b2
40. Qxe5+ f6 41. Qc7+ Kh6 42. Qf4+ Kg7 1/2-1/2

[Event "Russian Championship G13 2016"]
[Site "Loo"]
[Date "2016.04.21"]
[Round "2.16"]
[White "Zelenskaya, Anastasiya"]
[Black "Gaer, Margarita"]
[Result "1-0"]
[WhiteElo "1610"]
[BlackElo "1494"]
[PlyCount "69"]
[EventDate "2016.04.20"]

1. e4 e6 2. d4 d5 3. e5 c5 4. c3 Nc6 5. Nf3 Qb6 6. a3 Bd7 7. b4 cxd4 8. cxd4
Nge7 9. Nc3 Nf5 10. Na4 Qc7 11. Be3 Be7 12. Rc1 a6 13. Nc5 O-O 14. Bd3 Nxe3 15.
fxe3 f6 16. exf6 gxf6 17. O-O Kh8 18. Ng5 Bxc5 19. Nxh7 Be8 20. bxc5 Qg7 21.
Nxf8 Qxf8 22. Qg4 f5 23. Bxf5 exf5 24. Rxf5 Qe7 25. Rf3 Qg7 26. Rh3+ Kg8 27.
Qxg7+ Kxg7 28. Rg3+ Kf7 29. Rf1+ Ke6 30. Rg7 Ne7 31. Rb1 Bc6 32. Rf1 Rh8 33. g4
Rh3 34. Rff7 Nc8 35. g5 1-0

[Event "Russian Championship G13 2016"]
[Site "Loo"]
[Date "2016.04.21"]
[Round "2.17"]
[White "Nur-Mukhametova, Alisa"]
[Black "Shumakova, Svetlana"]
[Result "1/2-1/2"]
[WhiteElo "1570"]
[BlackElo "1589"]
[PlyCount "120"]
[EventDate "2016.04.20"]

1. e4 d6 2. d4 Nf6 3. Nc3 c6 4. Nf3 Bg4 5. Be2 e6 6. h3 Bh5 7. Bf4 d5 8. e5
Nfd7 9. a3 c5 10. dxc5 Bxf3 11. Bxf3 Bxc5 12. b4 Bb6 13. Nb5 Bc7 14. Nd6+ Bxd6
15. exd6 Nc6 16. O-O O-O 17. Re1 Rc8 18. Qd2 Nb6 19. Bg4 Nc4 20. Qd3 Nxd6 21.
Rad1 Nc4 22. Qf3 Qf6 23. Bg3 Qxf3 24. Bxf3 Nxa3 25. c3 Nc4 26. Ra1 a6 27. Bg4
Rfe8 28. f4 f5 29. Bd1 Nd6 30. Re3 Ne4 31. Be1 Ra8 32. g4 g6 33. h4 Kf7 34. h5
Rac8 35. hxg6+ hxg6 36. gxf5 exf5 37. Rh3 Rh8 38. Rd3 Rhd8 39. Rh3 Kg7 40. Bb3
Ne7 41. Bh4 Rh8 42. Kg2 g5 43. fxg5 Rxc3 44. Rxc3 Nxc3 45. Bg3 Nc6 46. Rc1 d4
47. Bf2 Nb5 48. Bd5 Rc8 49. Be6 Rf8 50. Bd5 Nxb4 51. Bxb7 Rf7 52. Bc8 d3 53.
Bc5 a5 54. Bxb4 axb4 55. Rd1 Rc7 56. Bxf5 Rc2+ 57. Kg3 b3 58. Bxd3 Rc3 59. Kg4
Na3 60. Bf5 Rc4+ 1/2-1/2

[Event "Russian Championship G13 2016"]
[Site "Loo"]
[Date "2016.04.21"]
[Round "2.18"]
[White "Loskutova, Viktoriya"]
[Black "Konova, Polina"]
[Result "0-1"]
[WhiteElo "1820"]
[BlackElo "1385"]
[PlyCount "126"]
[EventDate "2016.04.20"]

1. e4 c5 2. Nf3 e6 3. c3 d5 4. e5 Nc6 5. d4 Bd7 6. Be2 Nge7 7. Be3 Nf5 8. O-O
Nxe3 9. fxe3 Be7 10. Nbd2 O-O 11. Qe1 Qb6 12. Rb1 f6 13. exf6 Bxf6 14. Nb3 Be7
15. Qg3 c4 16. Nbd2 Qd8 17. e4 Rf6 18. Ne5 Nxe5 19. Qxe5 Qb8 20. Qxb8+ Rxb8 21.
Rxf6 Bxf6 22. Bg4 Bg5 23. Nf3 Be3+ 24. Kf1 Rd8 25. Ne5 Bc8 26. Re1 Bf4 27. exd5
exd5 28. Bxc8 Rxc8 29. g3 Bg5 30. Nf3 Bf6 31. Kf2 Kf8 32. Ne5 Rc7 33. Kf3 Re7
34. Kf4 Ke8 35. g4 h6 36. Kf5 Bh4 37. Rf1 Bf6 38. Nf3 Re2 39. Re1 Rxe1 40. Nxe1
Kf7 41. Nf3 g6+ 42. Kf4 Ke6 43. h4 Be7 44. Ke3 a5 45. a4 b6 46. Kd2 h5 47. Ne5
Bxh4 48. gxh5 gxh5 49. Nf3 Bf6 50. Ke3 Kf5 51. Ne1 h4 52. Kf3 Bg5 53. Nc2 Bc1
54. Kg2 Bxb2 55. Ne3+ Ke4 56. Nd1 Ba1 57. Kf2 Kd3 58. Ne3 Bxc3 59. Nxd5 Bxd4+
60. Ke1 c3 61. Nf4+ Ke4 62. Ne2 Ke3 63. Ng1 Kd3 0-1

[Event "Russian Championship G13 2016"]
[Site "Loo"]
[Date "2016.04.21"]
[Round "2.19"]
[White "Ershova, Sofya"]
[Black "Strizhnyova, Anna"]
[Result "1-0"]
[WhiteElo "1762"]
[BlackElo "1523"]
[PlyCount "155"]
[EventDate "2016.04.20"]

1. e4 e5 2. Nf3 Nf6 3. Nxe5 d6 4. Nf3 Nxe4 5. Nc3 Nxc3 6. dxc3 Be7 7. Be3 Nc6
8. Qd2 Be6 9. Bb5 Bd7 10. O-O-O O-O 11. h4 a6 12. Bd3 Qc8 13. Rdg1 Bf5 14. Be2
Ne5 15. Nd4 Ng4 16. Bxg4 Bxg4 17. f3 Bd7 18. g4 c5 19. Ne2 Bc6 20. Rh3 b5 21.
Ng3 Qe6 22. Nf5 Rfe8 23. Kb1 a5 24. Re1 Qd5 25. Qxd5 Bxd5 26. Bxc5 Bf6 27. Be3
Rad8 28. f4 Be4 29. Nd4 b4 30. g5 Bxd4 31. cxd4 Rc8 32. Rh2 a4 33. Kc1 b3 34.
axb3 axb3 35. c3 Ra8 36. c4 Ra1+ 37. Kd2 Rxe1 38. Kxe1 Bc2 39. Kd2 Rc8 40. Kc3
d5 41. c5 Kf8 42. Rh1 Ra8 43. Re1 Ke7 44. Bd2+ Kd7 45. Re5 Kc6 46. Re7 Ra4 47.
Be3 Rc4+ 48. Kd2 Be4 49. Kd1 Rc2 50. f5 Rxb2 51. Bf4 Bc2+ 52. Kc1 Rb1+ 53. Kd2
Ra1 54. Rc7+ Kb5 55. Kc3 Ra2 56. Bc1 Ra1 57. Bd2 Ra2 58. Bc1 Ra1 59. Bd2 Ra3
60. Rxf7 Ra4 61. Be3 Bd1 62. Bc1 Rc4+ 63. Kb2 Kb4 64. Rb7+ Ka5 65. Rxg7 Rc2+
66. Kb1 Rc4 67. f6 Bc2+ 68. Kb2 Bd1 69. Bd2+ Ka6 70. f7 Rc2+ 71. Kb1 Rxd2 72.
f8=Q Bc2+ 73. Kc1 b2+ 74. Kxd2 b1=Q 75. Qa8+ Kb5 76. Rb7+ Kc4 77. Rxb1 Bxb1 78.
Qa4# 1-0